Ján Sudzina: Mrzí ma, že EHMK má dosť nepriateľov! Gaja považuje za zaujatého, manželke sa ospravedlnil

Bibliographic Details
Main Authors: Jesenský, Mikuláš (Author, Interviewer), Sudzina, Ján, 1966- (Author)
Format: Article
Language:Slovak
PhysicalDescription:Fotogr.
ISSN:1338-659X
Subjects:

MARC

LEADER 00000nab a2200000 a 4500
001 vtls010507304
003 SK-MaSNL
005 20260303090535.0
008 130430c20130430xo drz 0 0slo
038 |a KEVKJB 
040 |a KEVKJB  |b slo  |c KEVKJB  |e AACR2 
041 0 |a slo 
044 |a xo  |c SK 
080 |a 008(083.94)  |2 2001 
100 1 |a Jesenský, Mikuláš  |4 ivr  |4 aut  |9 266855 
245 1 0 |a Ján Sudzina: Mrzí ma, že EHMK má dosť nepriateľov!  |b Gaja považuje za zaujatého, manželke sa ospravedlnil  |c Mikuláš Jesenský 
300 |b Fotogr. 
610 2 7 |a Európske hlavné mesto kultúry 2013  |2 kevkjb  |9 168570 
651 7 |a Košice (Slovensko)  |2 kevkjb  |9 18694 
655 7 |a rozhovory  |2 kevkjb  |9 31831 
700 1 |a Sudzina, Ján,  |d 1966-  |4 ive  |4 aut  |9 1041235 
773 0 |t Korzár : denník Košického kraja  |g Roč. XVI., č. 100 (30.4.2013), s. 3  |x 1338-659X 
852 |a KEVKJB  |b KIS3GCP 
999 |c 1803721  |d 1805651